00454nam a2200133Ia 4500008004100000082002000041100003900061245007100100260000900171300001000180942001200190999001900202952009900221210430s9999 xx 000 0 und d a627.0212 A8441E aGas Process Suppliers Associations aEngineering Data Book FPS Vol2cGas Process Suppliers Associations c2004 a215p. cBK2ddc c565922d565922 00104070aSCMEbSCMEd0000-00-00l0o627.0212 A8441EpSCME- D163r2021-04-30w2021-04-30yBK